000 00493nam a22001932 4500
001 0000001161
005 20170406113216.0
008 131210s xx 000 0 eng d
020 _c$
040 _aYour Holding Symbol
_cYour Holding Symbol
100 1 _aWeech.N.W.
245 1 0 _aHistory of the world.
250 _a2nd ed.
260 _alondon :
_bHams press,
_c1957.
300 _a1008 p. :
_bill ;
_c cm.
504 _aindex.
650 0 _ahistory.
908 _a131210
999 _c1078
_d1078